LEADER 00646nam a2200169 i 4500 001 000000225121 003 CaOOAMICUS 005 20131121000000.0 008 131121s1846 it u000 u ita u 013 $a204020 040 $aSeMil$bita 245 10$aVol. 4. 300 $a262 p. 773 0 $aMutti, Pietro Aurelio $tOpere sacre e filosofiche.$dVerona : Coi tipi di Paolo Libanti : [il vol. 8] Vicentini e Franchini : [i vol. 9-10] Venezia : Naratovich, 1846-1849.$g4$w()10462 850 $aSeMil 852 $aSeMil$W1$xVenegono$y1$m2P III 58 FA$j175467$B175467$CSeMilBibl$Z2$F185495 $8I 996 $6245$aVol. 4$9(OLS)http://semarc/title/108694 LEADER 00851nam a2200217 i 4500 001 000000015132 003 CaOOAMICUS 005 20251223140317.0 008 180830s1923 gw u000 u und u 040 $aSeMil$bita 100 1 $aRosenberg, Hans.$0(OLS)http://semarc/name/7056 245 14$aDie Hymnen des Breviers :$bin Urform und neuen deutschen Nachdichtungen /$cvon Dr. Hans Rosenberg studienrat in Düsseldorf. 250 $a1. bis 4. Aufl. 300 $a2 v. 490 1 $aEcclesia orans 650 4$aLiturgia delle Ore - Inni.$0(OLS)http://semarc/subject/2484 774 0 $tErste Abteilung.$w()146464 774 0 $t[2. Abteilung].$w()146465 830 0$aEcclesia orans.$0(OLS)http://semarc/title/440396 996 $6245$aDie Hymnen des Breviers :$bin Urform und neuen deutschen Nachdichtungen$9(OLS)http://semarc/title/20061